BAFTA Award for Best Actress in a Leading Role - Statistics

General Stats
  • This quiz has been taken 56 times
  • The average score is 38 of 81
Answer Stats
Year Actress % Correct
2011 Meryl Streep
100%
1981 Meryl Streep
100%
2001 Judi Dench
87%
1997 Judi Dench
87%
1988 Maggie Smith
85%
1986 Maggie Smith
85%
1984 Maggie Smith
85%
1969 Maggie Smith
85%
2002 Nicole Kidman
85%
1964 Audrey Hepburn
82%
1959 Audrey Hepburn
82%
1953 Audrey Hepburn
82%
2008 Kate Winslet
82%
2013 Cate Blanchett
79%
1998 Cate Blanchett
79%
2006 Helen Mirren
79%
2000 Julia Roberts
79%
2016 Emma Stone
74%
1994 Susan Sarandon
72%
1995 Emma Thompson
69%
1992 Emma Thompson
69%
1991 Jodie Foster
69%
1979 Jane Fonda
67%
1978 Jane Fonda
67%
2007 Marion Cotillard
67%
2014 Julianne Moore
64%
1982 Katharine Hepburn
62%
1968 Katharine Hepburn
62%
1977 Diane Keaton
59%
1966 Elizabeth Taylor
59%
1960 Shirley MacLaine
59%
1959 Shirley MacLaine
59%
1971 Glenda Jackson
56%
1965 Julie Christie
54%
1990 Jessica Tandy
51%
2010 Natalie Portman
51%
1952 Vivien Leigh
51%
1999 Annette Bening
49%
2015 Brie Larson
49%
1983 Julie Walters
46%
1987 Anne Bancroft
44%
1964 Anne Bancroft
44%
1962 Anne Bancroft
44%
1958 Simone Signoret
44%
1957 Simone Signoret
44%
1952 Simone Signoret
44%
2005 Reese Witherspoon
41%
1961 Sophia Loren
41%
1996 Brenda Blethyn
38%
1975 Ellen Burstyn
38%
1993 Holly Hunter
36%
1976 Louise Fletcher
33%
1985 Peggy Ashcroft
33%
2009 Carey Mulligan
31%
1974 Joanne Woodward
31%
1962 Leslie Caron
31%
1953 Leslie Caron
31%
1972 Liza Minnelli
31%
2004 Imelda Staunton
28%
2003 Scarlett Johansson
26%
1967 Anouk Aimée
23%
2012 Emmanuelle Riva
23%
1966 Jeanne Moreau
23%
1989 Pauline Collins
21%
1956 Anna Magnani
18%
1967 Edith Evans
18%
1980 Judy Davis
18%
1965 Patricia Neal
18%
1963 Patricia Neal
18%
1970 Katharine Ross
15%
1963 Rachel Roberts
13%
1960 Rachel Roberts
13%
1961 Dora Bryan
10%
1973 Stéphane Audran
10%
1956 Virginia McKenna
8%
1955 Katie Johnson
5%
1955 Betsy Blair
3%
1954 Cornell Borchers
3%
1957 Heather Sears
3%
1958 Irene Worth
3%
1954 Yvonne Mitchell
3%
No matching quizzes found
Score Distribution
Percent of People with Each Score
Percentile by Number Answered
Your Score History
You have not taken this quiz